Saltar al contenido

Эксплуатация судовых дизелей без аварий учебное пособие

Учебное пособие «Эксплуатация судовых дизелей без аварий» составлено в соответствии с рабочей программой дисциплины «Эксплуатация судовых двигателей внутреннего сгорания». В учебном пособии рассматриваются материалы по авариям как отечественных, так и зарубежных ДВС, делается их анализ, причины возн...

Descripción completa

Guardado en:
Detalles Bibliográficos
Autor principal: Захаров, Г. В. (070)
Formato: Книга
Materias:
Acceso en línea:Перейти к просмотру издания
Etiquetas: Agregar Etiqueta
Sin Etiquetas, Sea el primero en etiquetar este registro!
LEADER 03308nam0a2200373 4500
001 RU/IPR SMART/76721
856 4 |u https://www.iprbookshop.ru/76721.html  |z Перейти к просмотру издания 
801 1 |a RU  |b IPR SMART  |c 20250903  |g RCR 
010 |a 2227-8397 
205 |a Эксплуатация судовых дизелей без аварий  |b 2028-06-20 
333 |a Лицензия до 20.06.2028 
100 |a 20250903d2016 k y0rusy01020304ca 
105 |a y j 000zy 
101 0 |a rus 
102 |a RU 
200 1 |a Эксплуатация судовых дизелей без аварий  |e учебное пособие  |f Г. В. Захаров, Д. А. Попов 
700 1 |a Захаров,   |b Г. В.  |4 070 
701 1 |a Попов,   |b Д. А.  |4 070 
330 |a Учебное пособие «Эксплуатация судовых дизелей без аварий» составлено в соответствии с рабочей программой дисциплины «Эксплуатация судовых двигателей внутреннего сгорания». В учебном пособии рассматриваются материалы по авариям как отечественных, так и зарубежных ДВС, делается их анализ, причины возникновения неисправностей и что особенно важно для специальностей, связанных с эксплуатацией СЭУ, даются рекомендации по их устранению. Учебное пособие «Эксплуатация судовых дизелей без аварий» знакомит студентов судомехаников с характером, причинами и анализом правил технической эксплуатации судовых дизелей и даёт возможность избежать ошибок в практической работе. Учебное пособие может быть использовано студентами для написания выпускной квалификационной работы. Учебное пособие «Эксплуатация судовых дизелей без аварий» по дисциплине «Эксплуатация судовых двигателей внутреннего сгорания» предназначено обучающихся для по специальности 26.05.06 «Эксплуатация судовых энергетических установок». 
210 |a Москва  |c Московская государственная академия водного транспорта  |d 2016 
610 1 |a судно 
610 1 |a дизель 
610 1 |a эксплуатация 
610 1 |a техника 
610 1 |a двигатель 
675 |a 62 
686 |a 39.4  |2 rubbk 
300 |a Книга находится в премиум-версии IPR SMART. 
106 |a s 
230 |a Электрон. дан. (1 файл) 
336 |a Текст 
337 |a электронный 
503 0 |a Доступна эл. версия. IPR SMART 
215 |a 92 с.